01447cam a2200361 i 4500001000800000005001700008008004100025020002500066035002300091035001700114040003300131041001100164082001800175090001900193110003900212245001700251250001700268260008300285300004100368500003300409500016800442504004100610600005900651650005200710650003200762650004100794700002200835700002400857700002500881710004900906999001300955952011700968339722220220326193338.0020916s2002 sp ab bc 000 0 spa d a8495719207 :c$26.59 a(OCoLC)ocm50642907 a(NNC)3397222 aSpBaPcSpBaPdCStRLINdMWiCA aspaeng a708bH364m.sa aNB979 H28bC332 aCentro de Arte de Salamanca.9425110aMona Hatoum. a1st edition. a[Salamanca] :bConsorcio Salamanca 2002 :bCentro de Arte de Salamanca,c2002. a143 p. :bill. (col), maps ;c30 cm. aText in English and Spanish. aCatalog of an exhibitions at the Centero de ARte de Salamance, July 10 - Sept. 2, 2002, and at the Centro Galego de Arte Contemporanea, oct 3, 2002 - Jan. 5, 2003. aIncludes bibliographical references.10aHatoum, Mona,d1952-vExhibitions.vExhibiciones94252 xInstalationzCentro de Arte de Salamanca.94253 xInstalaciones de Arte94268 xArte ContemporáneoySiglo 2194269 aGarb, Tamar94270 aGlencross, Jo94271 aAntoni, Janine942722 aCentro Galego de Arte Contemporánea.94254 c797d797 00102ddc4070aLVbLVcMonografíasd2015-11-27l0o708 H364m.sap000814r2015-11-27 00:00:00w2015-11-27y01